Biblioteca

Mysterium Liberationis (Registro nro. 45877)

Detalles MARC
000 -LÍDER
Campo fijo de descripción fija 02542aam a2200661 i 4500
001 - NÚMERO DE CONTROL
Campo de control 19514
003 - IDENTIFICADOR DEL NÚMERO DE CONTROL
Campo de control CO-MdFUSB
005 - FECHA Y HORA DE LA ULTIMA TRANSACCIÓN
control field 20180726093622.0
008 - ELEMENTOS DE LONGITUD FIJA -- INFORMACIÓN GENERAL
Campo fijo de descripción fija -- Información general 180726t1993 nyu||||g |||| 00| 0 eng d
020 ## - NÚMERO INTERNACIONAL NORMALIZADO PARA LIBROS
Número Internacional Normalizado del libro 0-88344-917-X
040 ## - FUENTE DE CATALOGACIÓN
Agencia de catalogación original CO-MdFUSB
Idioma de catalogación spa
Agencia que realiza la transcripción CO-MdFUSB
Agencia que realiza la modificación CO-MdFUSB
Convenciones de la descripción rda
041 ## - CÓDIGO DE IDIOMA
Código de idioma para texto/pista de sonido o título separado eng
082 ## - NÚMERO DE CLASIFICACIÓN DECIMAL DEWEY
Número de la edición del Dewey 24
Número de clasificación G 230.0464
Clave de autor-Numero de item M998m
100 1# - ASIENTO PRINCIPAL--NOMBRE PERSONAL
Nombre personal Ellacuría, Ignacioi., (Editor)
245 10 - TÍTULO
Título del Material Mysterium Liberationis
Parte restante del título - Subtitulo : Fundamental concepts of liberation theology
Mención de responsabilidad, etc. / Edited by Ignacio Ellacuría and Jon Sobrino
250 ## - MENCIÓN DE EDICIÓN
Mención de edición Edición inglés abreviada y adaptada de la edición original en español
264 #1 - PRODUCCIÓN, PUBLICACIÓN, DISTRIBUCIÓN, MANUFACTURA, Y COPYRIGHT
Lugar de producción, publicación, distribución, manufactura Maryknoll, New York :
Nombre del productor, publicador, distribuidor Orbis Books,
Fecha de producción, publicación, distribución, manufactura, o copyright ℗1993
264 #4 - PRODUCCIÓN, PUBLICACIÓN, DISTRIBUCIÓN, MANUFACTURA, Y COPYRIGHT
Fecha de producción, publicación, distribución, manufactura, o copyright ©1993
300 ## - DESCRIPCIÓN FÍSICA
Extensión xv, 752 páginas
Dimensiones ; 24 cm
336 ## - TIPO DE CONTENIDO
Fuente rdacontent
Término de tipo de contenido texto
Código de tipo de contenido txt
337 ## - TIPO DE MEDIO
Fuente rdamedia
Nombre del tipo de medio sin mediación
Código del tipo de medio n
338 ## - TIPO DE SOPORTE
Fuente rdacarrier
Nombre del tipo de soporte volumen
Código Tipo de soporte nc
500 ## - NOTA GENERAL
Nota General Título original en español: Mysterium Liberationis : Conceptos fundamentales de la teología de la liberación
501 ## - NOTA DE “CON”
Nota de Contenido Incluye índices (páginas 738-752)
504 ## - NOTA DE BIBLIOGRAFÍA, ETC.
Nota de bibliografía, etc Bibliografía (páginas 729- 734)
505 0# - NOTA DE CONTENIDO
Nota de contenido con formato preestablecido Historia, metodología y características distintivas de la teología de la liberación -- Contenidos sistemáticos de la teología de la liberación -- La trascendencia y la liberación histórica -- El diseño liberador de Dios -- La liberación de la creación -- Iglesia de los pobres, sacramento de la liberación -- El espíritu de la liberación
563 ## - NOTA DE ENCUADERNACIÓN
Nota de encuadernación Pasta dura
650 #7 - ASIENTO SECUNDARIO DE MATERIA - TERMINO TEMÁTICO
9 (RLIN) 449
Término temático o nombre geográfico como elemento de entrada Teología de la liberación
720 ## - ASIENTO SECUNDARIO - NOMBRE NO CONTROLADO
Nombre Antoncich, Ricardo
720 ## - ASIENTO SECUNDARIO - NOMBRE NO CONTROLADO
Nombre Azevedo, Marcello de C.
720 ## - ASIENTO SECUNDARIO - NOMBRE NO CONTROLADO
Nombre Bingemer, María Clara
720 ## - ASIENTO SECUNDARIO - NOMBRE NO CONTROLADO
Nombre Boff, Clodovis
720 ## - ASIENTO SECUNDARIO - NOMBRE NO CONTROLADO
Nombre Boff, Leonardo
720 ## - ASIENTO SECUNDARIO - NOMBRE NO CONTROLADO
Nombre Bravo, Carlos
720 ## - ASIENTO SECUNDARIO - NOMBRE NO CONTROLADO
Nombre Codina, Victor
720 ## - ASIENTO SECUNDARIO - NOMBRE NO CONTROLADO
Nombre Comblin, José
720 ## - ASIENTO SECUNDARIO - NOMBRE NO CONTROLADO
Nombre Dussel, Enrique
720 ## - ASIENTO SECUNDARIO - NOMBRE NO CONTROLADO
Nombre Ellacuría, Ignacio
720 ## - ASIENTO SECUNDARIO - NOMBRE NO CONTROLADO
Nombre Estrada, Juan Antonio
720 ## - ASIENTO SECUNDARIO - NOMBRE NO CONTROLADO
Nombre Gebara, Ivone
720 ## - ASIENTO SECUNDARIO - NOMBRE NO CONTROLADO
Nombre Gorgulho, Gilberto da S.
720 ## - ASIENTO SECUNDARIO - NOMBRE NO CONTROLADO
Nombre Gutiérrez, Gustavo
720 ## - ASIENTO SECUNDARIO - NOMBRE NO CONTROLADO
Nombre Jiménez Límon, Javier
720 ## - ASIENTO SECUNDARIO - NOMBRE NO CONTROLADO
Nombre Libânio, João Batista
720 ## - ASIENTO SECUNDARIO - NOMBRE NO CONTROLADO
Nombre Lois, Julio
720 ## - ASIENTO SECUNDARIO - NOMBRE NO CONTROLADO
Nombre Moreno, Juan Ramon
720 ## - ASIENTO SECUNDARIO - NOMBRE NO CONTROLADO
Nombre Moreno Rejon, Francisco
720 ## - ASIENTO SECUNDARIO - NOMBRE NO CONTROLADO
Nombre Muñoz, Ronaldo
720 ## - ASIENTO SECUNDARIO - NOMBRE NO CONTROLADO
Nombre Quiroz Magaña, Alvaro
720 ## - ASIENTO SECUNDARIO - NOMBRE NO CONTROLADO
Nombre Riberio Brandao, Margarida L.
720 ## - ASIENTO SECUNDARIO - NOMBRE NO CONTROLADO
Nombre Richard, Pablo
720 ## - ASIENTO SECUNDARIO - NOMBRE NO CONTROLADO
Nombre Segundo, Juan Luis
720 ## - ASIENTO SECUNDARIO - NOMBRE NO CONTROLADO
Nombre Sobrino, Jon
720 ## - ASIENTO SECUNDARIO - NOMBRE NO CONTROLADO
Nombre Tamayo, Juan José
720 ## - ASIENTO SECUNDARIO - NOMBRE NO CONTROLADO
Nombre Tepedino, Ana Maria
942 ## - TIPO DE MATERIAL (KOHA)
Tipo de Item KOHA Libros General
Existencias
Estado de Material Estado de Perdido Forma de Clasificación Estado de Dañado No para Préstamo Colección Tomo Biblioteca de Origen Biblioteca Permanente Fecha de Adquisición Total de Préstamos Signatura Topográfica Código de Barras Última vez visto Ejemplar/Existencia Fecha de Remplazo Tipo de Material
    Dewey Decimal Classification     Colección General   Biblioteca FUSBC Biblioteca FUSBC 22/04/2015   G 230.0464 M998m 19579 19/03/2025 Ej. 1 26/01/2016 Libros General

Biblioteca FUSBC | Teléfono: (57+4) 349 88 10 Ext. 141| WhatsApp (+57) 3005338115 
E-mail: biblioteca@unisbc.edu.co | Calle 76 87-14 Robledo Palenque, Medellín, Colombia

Con tecnología Koha